000
00289nam a22001337a 4500
008
171124b xxu||||| |||| 00| 0 eng d
020
_a
9781578660803
041
_a
eng
080
_a
94
100
_a
16
101
_a
HIS
245
_a
LIFE'S IMPONDERABLES
_c
FELDMAN, D
942
_2
udc
_c
BK
999
_c
38478
_d
38478